| 000 | 00523nab a2200145 4500 | ||
|---|---|---|---|
| 003 | ES-SlBCS | ||
| 005 | 20210529140803.0 | ||
| 008 | 150604s2015 sp ||||| |||| 00| 0 spa d | ||
| 040 |
_aES-SlBCS _bspa |
||
| 100 | 1 |
_aGómez Iglesias, Carlos _982272 |
|
| 245 | 1 | 3 |
_aLa relación de ayuda en el ámbito pastoral desde el modelo humanista _b: una introducción _cCarlos Gómez Iglesias |
| 650 | 0 | 4 |
_aAcompañamiento _9187788 |
| 773 | 0 |
_gVol. 60, Nº 1-2, 2015, págs. 171-206 _tCompostellanum _wRev130 _x0573-2018 |
|
| 942 |
_2lcc _cAR |
||
| 999 |
_c852565 _d852565 |
||